000 00639cam a22002053a 4500
001 41048
003 PGUSA
005 20140828083925.0
008 121014s2012||||xxu|||||s|||||000 | eng d
040 _aPGUSA
_beng
042 _adc
100 1 _aPepperell, William
245 1 4 _aThe Church Index :
_bA Book of Metropolitan Churches and Church Enterprise: Part I. Kensington
_h[electronic resource] /
_cWilliam Pepperell
260 _bProject Gutenberg,
_c2012
506 _aPublic domain in the USA.
516 _aElectronic text
830 0 _aProject Gutenberg
_v41048
856 4 0 _uhttp://www.gutenberg.org/ebooks/41048
942 _cEB
999 _c270300
_d270300